Normal view
MARC view
- QUESTIONS AND ANSWERS REFRIGERATION AND REFRIGERATING MACHINERY&QUESTION AND ANSWERS AIR CONDITIONING
Entry Topical Term
001 - CONTROL NUMBER
- control field: 78943
003 - CONTROL NUMBER IDENTIFIER
- control field: NUST
005 - DATE AND TIME OF LATEST TRANSACTION
- control field: 20210628210317.0
008 - FIXED-LENGTH DATA ELEMENTS
- fixed length control field: 210628|| aca||aabn | a|a d
040 ## - CATALOGING SOURCE
- Original cataloging agency: NUST
- Transcribing agency: NUST
150 ## - HEADING--TOPICAL TERM
- Topical term or geographic name entry element: QUESTIONS AND ANSWERS REFRIGERATION AND REFRIGERATING MACHINERY&QUESTION AND ANSWERS AIR CONDITIONING
670 ## - SOURCE DATA FOUND
- Source citation: Work cat.: (NUST): MINICH, Q. W,ELONKA, S. M 78942, STANDARDS REFRIGERATION AND AIR CONDITIONING QUESTIONS AND ANSWERS, 1973
